[Event "HUN-chT2 Szechenyi 1819"]
[Site "Hungary"]
[Date "2019.03.31"]
[Round "8.1"]
[White "Horvath, Sandor"]
[Black "Rovid, Kalman"]
[Result "1/2-1/2"]
[WhiteElo "2245"]
[BlackElo "2199"]
[PlyCount "28"]
[EventDate "2018.10.28"]
[EventType "team-tourn"]
[EventRounds "9"]
[EventCountry "HUN"]
[SourceTitle "EXT 2021"]
[Source "ChessBase"]
[SourceDate "2020.10.23"]
[SourceVersion "1"]
[SourceVersionDate "2020.10.23"]
[SourceQuality "1"]
[WhiteTeam "Csuti Baki Agrocentrum"]
[BlackTeam "Haladas Szombathely III"]
[WhiteTeamCountry "HUN"]
[BlackTeamCountry "HUN"]

1. e4 c5 2. Nf3 Nc6 3. Bb5 g6 4. 0-0 Nf6 5. Re1 Bg7 6. Nc3 0-0 7. h3 d6 8. d4 cxd4 9. Nxd4 Bd7 10. Nxc6 bxc6 11. Bc4 Qc7 12. Bb3 Rad8 13. Bg5 h6 14. Be3 Bc8 1/2-1/2

[Event "HUN-chT2 Szechenyi 1819"]
[Site "Hungary"]
[Date "2019.03.10"]
[Round "7.1"]
[White "Szabo, Laszlo3333"]
[Black "Horvath, Sandor"]
[Result "1/2-1/2"]
[WhiteElo "1997"]
[BlackElo "2245"]
[PlyCount "106"]
[EventDate "2018.10.28"]
[EventType "team-tourn"]
[EventRounds "9"]
[EventCountry "HUN"]
[SourceTitle "EXT 2021"]
[Source "ChessBase"]
[SourceDate "2020.10.23"]
[SourceVersion "1"]
[SourceVersionDate "2020.10.23"]
[SourceQuality "1"]
[WhiteTeam "Gyor Szechenyi II"]
[BlackTeam "Csuti Baki Agrocentrum"]
[WhiteTeamCountry "HUN"]
[BlackTeamCountry "HUN"]

1. e4 Nc6 2. Nf3 d6 3. d4 Bg4 4. Bb5 a6 5. Bxc6+ bxc6 6. h3 Bd7 7. 0-0 g6 8. c3 Bg7 9. Bf4 Nf6 10. Re1 0-0 11. Qc1 Re8 12. Bh6 Qb8 13. Bxg7 Kxg7 14. Nbd2 h6 15. e5 Nd5 16. Nc4 f5 17. exf6+ exf6 18. Qd2 f5 19. Na3 Nf6 20. Rxe8 Qxe8 21. Re1 Qf7 22. b3 a5 23. Re2 a4 24. Qc1 Ng8 25. c4 axb3 26. axb3 Re8 27. h4 Nf6 28. Rxe8 Qxe8 29. Qc3 f4 30. Nb1 Qe2 31. Qd2 Qxd2 32. Nbxd2 Bf5 33. g3 fxg3 34. fxg3 Ng4 35. Ne1 Kf6 36. Kg2 c5 37. dxc5 dxc5 38. Nef3 Bc2 39. Ne1 Bf5 40. Nef3 Ne5 41. Kf2 Nd3+ 42. Ke3 Nc1 43. g4 Bc2 44. Ne4+ Bxe4 45. Kxe4 Nxb3 46. Kd5 h5 47. Ne5 hxg4 48. Nxg4+ Kf5 49. Ne5 Nd4 50. Nxg6 Kxg6 51. Kxc5 Ne6+ 52. Kc6 Kf6 53. h5 Kg5 1/2-1/2

[Event "HUN-chT2 Charousek 1718"]
[Site "Hungary"]
[Date "2018.03.25"]
[Round "8.11"]
[White "Horvath, Sandor"]
[Black "Hitter, Gabriela"]
[Result "1-0"]
[WhiteElo "2245"]
[BlackElo "2116"]
[PlyCount "80"]
[EventDate "2017.10.29"]
[EventType "team-tourn"]
[EventRounds "9"]
[EventCountry "HUN"]
[SourceTitle "EXT 2020"]
[Source "ChessBase"]
[SourceDate "2019.10.17"]
[SourceVersion "1"]
[SourceVersionDate "2019.10.17"]
[SourceQuality "1"]
[WhiteTeam "Csuti Hydro"]
[BlackTeam "Szentgotthard Alsoszolnok"]
[WhiteTeamCountry "HUN"]
[BlackTeamCountry "HUN"]

1. e4 c5 2. g3 d6 3. Bg2 Nf6 4. Ne2 e6 5. 0-0 Nc6 6. d4 cxd4 7. Nxd4 Bd7 8. c4 a6 9. Nc3 Be7 10. b3 0-0 11. Bb2 Qb6 12. Nce2 Ne5 13. Qd2 Rac8 14. h3 Rfd8 15. Rfd1 Be8 16. Bc3 Qa7 17. f4 b5 18. cxb5 axb5 19. Kh1 Qb8 20. Ba5 Nc6 21. Bxd8 Bxd8 22. Rac1 Ba5 23. Qd3 Nb4 24. Qb1 Bb6 25. Rxc8 Qxc8 26. a3 Nc6 27. Nxc6 Qxc6 28. Qc1 Nxe4 29. Qxc6 Bxc6 30. Kh2 Bb7 31. Bxe4 Bxe4 32. Rxd6 Bc5 33. Rd8+ Bf8 34. Nc3 Bc6 35. Rb8 f6 36. Nxb5 Kf7 37. a4 e5 38. fxe5 fxe5 39. Rb6 Bf3 40. Nd6+ Ke7 1-0

[Event "HUN-chT2 Szechenyi 1617"]
[Site "Hungary"]
[Date "2017.02.26"]
[Round "9.1"]
[White "Horvath, Sandor"]
[Black "Toth, Bela"]
[Result "1/2-1/2"]
[WhiteElo "2248"]
[BlackElo "2350"]
[PlyCount "124"]
[EventDate "2016.09.25"]
[EventType "team-tourn"]
[EventRounds "11"]
[EventCountry "HUN"]
[SourceTitle "EXT 2021"]
[Source "ChessBase"]
[SourceDate "2020.10.23"]
[SourceVersion "1"]
[SourceVersionDate "2020.10.23"]
[SourceQuality "1"]
[WhiteTeam "Csuti Baki Agrocentrum"]
[BlackTeam "Ajka ASSE"]
[WhiteTeamCountry "HUN"]
[BlackTeamCountry "HUN"]

1. e4 c5 2. g3 d5 3. exd5 Qxd5 4. Nf3 Nc6 5. Bg2 Qe6+ 6. Kf1 g6 7. Nc3 Bg7 8. d3 Nf6 9. Bf4 0-0 10. Qd2 Nb4 11. Re1 Qa6 12. a3 Nbd5 13. Be5 Nxc3 14. Bxc3 Re8 15. h3 Be6 16. Ng5 Bd5 17. Bxd5 Nxd5 18. Bxg7 Kxg7 19. Kg2 Qc6 20. Kh2 Rad8 21. Ne4 e5 22. Nc3 Nc7 23. Qe3 f6 24. f4 exf4 25. Qxf4 Ne6 26. Qe4 Qd7 27. Rhf1 b6 28. Qf3 f5 29. Ne2 Re7 30. Nf4 Nd4 31. Qg2 Rde8 32. Rxe7+ Rxe7 33. c3 Nc6 34. Rf2 Qe8 35. Re2 Ne5 36. d4 cxd4 37. cxd4 Nc4 38. Rxe7+ Qxe7 39. Qd5 Nd2 40. Ne6+ Kf6 41. Qe5+ Kf7 42. Qe2 Ne4 43. Nf4 Qc7 44. b3 Qc3 45. Qc4+ Qxc4 46. bxc4 Nd2 47. c5 Nf3+ 48. Kg2 Nxd4 49. cxb6 axb6 50. a4 b5 51. axb5 Nxb5 52. h4 Kf6 53. Kf3 Nd4+ 54. Ke3 Nc6 55. Nd3 h6 56. Kf3 Nd4+ 57. Ke3 Ne6 58. Nf4 Nc7 59. Nd3 Nd5+ 60. Kf3 g5 61. hxg5+ hxg5 62. g4 fxg4+ 1/2-1/2

[Event "HUN-chT2 Szechenyi 1617"]
[Site "Hungary"]
[Date "2016.10.30"]
[Round "3.1"]
[White "Gergacz, Balazs"]
[Black "Horvath, Sandor"]
[Result "0-1"]
[WhiteElo "2028"]
[BlackElo "2248"]
[PlyCount "55"]
[EventDate "2016.09.25"]
[EventType "team-tourn"]
[EventRounds "11"]
[EventCountry "HUN"]
[SourceTitle "EXT 2021"]
[Source "ChessBase"]
[SourceDate "2020.10.23"]
[SourceVersion "1"]
[SourceVersionDate "2020.10.23"]
[SourceQuality "1"]
[WhiteTeam "Sarvar"]
[BlackTeam "Csuti Baki Agrocentrum"]
[WhiteTeamCountry "HUN"]
[BlackTeamCountry "HUN"]

1. b3 c5 2. Bb2 Nc6 3. e3 Nf6 4. g3 g6 5. Bg2 Bg7 6. Ne2 0-0 7. 0-0 b6 8. d3 Bb7 9. Nd2 d5 10. h3 e5 11. e4 dxe4 12. Nxe4 Nxe4 13. dxe4 Ba6 14. c4 b5 15. cxb5 Bxb5 16. Nc3 Bxf1 17. Bxf1 Qxd1 18. Rxd1 Rfd8 19. Rd5 Rxd5 20. exd5 Nd4 21. Ne4 Bf8 22. Ba3 f5 23. Nf6+ Kg7 24. Nd7 Nc2 25. Bb2 Nd4 26. Ba3 Bd6 27. Nxe5 Bxe5 28. Bxc5 0-1

[Event "HUN-chT2 Charousek 1415"]
[Site "Hungary"]
[Date "2015.03.22"]
[Round "8"]
[White "Horvath, Sandor"]
[Black "Toth, Sarolta"]
[Result "1/2-1/2"]
[WhiteElo "2260"]
[BlackElo "2161"]
[PlyCount "31"]
[EventDate "2014.10.12"]
[EventType "team-tourn"]
[EventRounds "9"]
[EventCountry "HUN"]
[SourceTitle "EXT 2016"]
[Source "ChessBase"]
[SourceDate "2015.10.08"]
[SourceVersion "1"]
[SourceVersionDate "2015.10.08"]
[SourceQuality "1"]
[WhiteTeam "Csuti"]
[BlackTeam "Decs"]
[WhiteTeamCountry "HUN"]
[BlackTeamCountry "HUN"]

1. e4 e5 2. Nc3 Nc6 3. g3 Nf6 4. Bg2 Bc5 5. h3 a6 6. Nge2 d6 7. 0-0 Be6 8. d3 Qd7 9. Kh2 d5 10. exd5 Nxd5 11. Ne4 Ba7 12. N2c3 h6 13. Nxd5 Bxd5 14. Be3 0-0-0 15. Bxa7 Nxa7 16. Nc5 1/2-1/2

[Event "HUN-chT2 Charousek 1415"]
[Site "Hungary"]
[Date "2014.12.14"]
[Round "4"]
[White "Horvath, Sandor"]
[Black "Solymosi, Istvan"]
[Result "1/2-1/2"]
[WhiteElo "2260"]
[BlackElo "2136"]
[PlyCount "38"]
[EventDate "2014.10.12"]
[EventType "team-tourn"]
[EventRounds "9"]
[EventCountry "HUN"]
[SourceTitle "EXT 2016"]
[Source "ChessBase"]
[SourceDate "2015.10.08"]
[SourceVersion "1"]
[SourceVersionDate "2015.10.08"]
[SourceQuality "1"]
[WhiteTeam "Csuti"]
[BlackTeam "Gyor Elektromos"]
[WhiteTeamCountry "HUN"]
[BlackTeamCountry "HUN"]

1. e4 c6 2. d4 d5 3. Nc3 dxe4 4. Nxe4 Bf5 5. Ng3 Bg6 6. f4 e6 7. Nf3 Bd6 8. h4 h6 9. h5 Bh7 10. Bd3 Bxd3 11. Qxd3 Nf6 12. Bd2 Qc7 13. Ne5 Na6 14. 0-0-0 0-0-0 15. Ne4 c5 16. Bc3 cxd4 17. Nxd6+ Rxd6 18. Bxd4 Rhd8 19. Qc3 Qxc3 1/2-1/2

[Event "HUN-chT2 Charousek 1415"]
[Site "Hungary"]
[Date "2014.11.30"]
[Round "3"]
[White "Horvath, Sandor"]
[Black "Ruip, Janos"]
[Result "1-0"]
[WhiteElo "2260"]
[BlackElo "2104"]
[PlyCount "97"]
[EventDate "2014.10.12"]
[EventType "team-tourn"]
[EventRounds "9"]
[EventCountry "HUN"]
[SourceTitle "EXT 2016"]
[Source "ChessBase"]
[SourceDate "2015.10.08"]
[SourceVersion "1"]
[SourceVersionDate "2015.10.08"]
[SourceQuality "1"]
[WhiteTeam "Csuti"]
[BlackTeam "Biatorbagy"]
[WhiteTeamCountry "HUN"]
[BlackTeamCountry "HUN"]

1. e4 Nc6 2. Nc3 d6 3. d4 g6 4. d5 Nb8 5. h4 h5 6. Bg5 Bg7 7. Be2 Nf6 8. Qd2 Nbd7 9. 0-0-0 Nc5 10. f3 Bd7 11. Be3 Na4 12. Nxa4 Bxa4 13. Nh3 c5 14. dxc6 Bxc6 15. e5 Nd5 16. e6 fxe6 17. Bd3 Nxe3 18. Bxg6+ Kd7 19. Qxe3 Qb6 20. Qxb6 axb6 21. Kb1 Ra5 22. Nf4 Rha8 23. a3 Rb5 24. Nxh5 Bxb2 25. c4 Rb3 26. Bc2 Raxa3 27. Bxb3 Rxb3 28. Ka2 Rb4 29. Rb1 Bc3 30. Rxb4 Bxb4 31. Kb3 Bc5 32. Nf4 Be3 33. Nxe6 b5 34. Nf8+ Ke8 35. Ng6 bxc4+ 36. Kxc4 b5+ 37. Kd3 Bh6 38. Re1 e5 39. f4 e4+ 40. Ke3 Kd7 41. g4 Bg7 42. h5 Ke6 43. g5 d5 44. f5+ Kxf5 45. Ne7+ Kxg5 46. Rg1+ Kf6 47. Nxc6 b4 48. Rg6+ Kf7 49. Nd8+ 1-0

[Event "HUN-chT2 Szechenyi 1314"]
[Site "Hungary"]
[Date "2014.03.23"]
[Round "9.1"]
[White "Kaufmann, Peter"]
[Black "Horvath, Sandor"]
[Result "1/2-1/2"]
[WhiteElo "1909"]
[BlackElo "2270"]
[PlyCount "93"]
[EventDate "2013.09.08"]
[EventType "team-tourn"]
[EventRounds "11"]
[EventCountry "HUN"]
[SourceTitle "EXT 2016"]
[Source "ChessBase"]
[SourceDate "2015.10.08"]
[SourceVersion "1"]
[SourceVersionDate "2015.10.08"]
[SourceQuality "1"]
[WhiteTeam "Tapolca II"]
[BlackTeam "Baki Agrocentrum"]
[WhiteTeamCountry "HUN"]
[BlackTeamCountry "HUN"]

1. e4 Nc6 2. Nf3 d6 3. Nc3 e5 4. d4 Bg4 5. Bb5 exd4 6. Qxd4 Bxf3 7. gxf3 Qd7 8. Bxc6 bxc6 9. b3 Be7 10. Bb2 Bf6 11. Qe3 Ne7 12. 0-0-0 Ng6 13. Kb1 0-0 14. f4 Qe7 15. Rhg1 Rfe8 16. f3 Nf8 17. h4 a5 18. a4 Ne6 19. h5 Nc5 20. Rg2 Rab8 21. Ka2 Qe6 22. f5 Qxf5 23. Qh6 Kh8 24. Qxg7+ Bxg7 25. exf5 Bf6 26. Rdd2 Re1 27. Rde2 Rxe2 28. Rxe2 Kg7 29. Rg2+ Kf8 30. Ne4 Bxb2 31. Nxc5 dxc5 32. Kxb2 Rd8 33. f6 Rd6 34. Rg5 Rd5 35. f4 Ke8 36. Kc3 Kd7 37. Rg7 Rxh5 38. Rxf7+ Kd6 39. Kd3 c4+ 40. Kxc4 Rh4 41. Kd3 Rxf4 42. Rxh7 Rxf6 43. Rh5 c5 44. Kc4 c6 45. Rh7 Rf2 46. Kc3 Rf3+ 47. Kc4 1/2-1/2

[Event "Steyr Landesliga 1314"]
[Site "Austria"]
[Date "2013.11.23"]
[Round "4.1"]
[White "Wertjanz, David"]
[Black "Horvath, Sandor"]
[Result "1/2-1/2"]
[WhiteElo "2267"]
[BlackElo "2270"]
[PlyCount "67"]
[EventDate "2013.09.28"]
[EventType "team-tourn"]
[EventRounds "11"]
[EventCountry "AUT"]
[SourceTitle "EXT 2015"]
[Source "ChessBase"]
[SourceDate "2014.11.20"]
[SourceVersion "1"]
[SourceVersionDate "2014.11.20"]
[SourceQuality "1"]
[WhiteTeam "Graz Styria"]
[BlackTeam "Gleisdorf"]
[WhiteTeamCountry "AUT"]
[BlackTeamCountry "AUT"]

1. e4 c5 2. Nf3 Nc6 3. d4 cxd4 4. Nxd4 Nf6 5. Nc3 e5 6. Ndb5 d6 7. Bg5 a6 8. Na3 Be6 9. Nc4 Rc8 10. Nd5 Bxd5 11. Bxf6 gxf6 12. Qxd5 Nd4 13. 0-0-0 b5 14. Ne3 Bh6 15. Kb1 0-0 16. Ng4 Bg7 17. c3 Qd7 18. cxd4 Qxg4 19. f3 Qe6 20. Qxe6 fxe6 21. dxe5 dxe5 22. Be2 Rfd8 23. Rxd8+ Rxd8 24. Rd1 Rxd1+ 25. Bxd1 Kf7 26. Be2 Bf8 27. Kc2 Bc5 28. Kb3 Bd4 29. Kb4 Bxb2 30. Ka5 Bc3+ 31. Kxa6 b4 32. Kb5 Ke7 33. Kc4 Be1 34. Bd1 1/2-1/2

[Event "Steyr Landesliga 1314"]
[Site "Austria"]
[Date "2013.11.09"]
[Round "3.1"]
[White "Horvath, Sandor"]
[Black "Madl, Ildiko"]
[Result "1/2-1/2"]
[WhiteElo "2270"]
[BlackElo "2340"]
[PlyCount "32"]
[EventDate "2013.09.28"]
[EventType "team-tourn"]
[EventRounds "11"]
[EventCountry "AUT"]
[SourceTitle "EXT 2015"]
[Source "ChessBase"]
[SourceDate "2014.11.20"]
[SourceVersion "1"]
[SourceVersionDate "2014.11.20"]
[SourceQuality "1"]
[WhiteTeam "Gleisdorf"]
[BlackTeam "Feldbach Kirchberg"]
[WhiteTeamCountry "AUT"]
[BlackTeamCountry "AUT"]

1. e4 c5 2. g3 g6 3. Bg2 Bg7 4. Ne2 Nc6 5. 0-0 d6 6. c3 e5 7. Na3 Nge7 8. Nc2 0-0 9. d4 exd4 10. cxd4 cxd4 11. Nexd4 Nxd4 12. Nxd4 d5 13. exd5 Nxd5 14. Nb5 Be6 15. Nd4 Bc8 16. Nb5 Be6 1/2-1/2

[Event "HUN-chT 1314"]
[Site "Hungary"]
[Date "2013.09.08"]
[Round "1"]
[White "Horvath, Sandor"]
[Black "Kabai, Zsuzsanna"]
[Result "1-0"]
[WhiteElo "2270"]
[BlackElo "2042"]
[PlyCount "45"]
[EventDate "2013.09.08"]
[EventType "team-tourn"]
[EventRounds "9"]
[EventCountry "HUN"]
[SourceTitle "EXT 2015"]
[Source "ChessBase"]
[SourceDate "2014.11.20"]
[SourceVersion "1"]
[SourceVersionDate "2014.11.20"]
[SourceQuality "1"]
[WhiteTeam "Csuti"]
[BlackTeam "Budapest Titanok"]
[WhiteTeamCountry "HUN"]
[BlackTeamCountry "HUN"]

1. e4 e6 2. d4 d5 3. Nc3 Bb4 4. Qd3 dxe4 5. Qxe4 Nf6 6. Qh4 c5 7. dxc5 Qa5 8. Bd2 Nd5 9. Nge2 Nd7 10. a3 N7f6 11. Rd1 Bxc3 12. Nxc3 Qxc5 13. Bb5+ Bd7 14. Bxd7+ Kxd7 15. 0-0 Rhc8 16. Nxd5 exd5 17. Bc3 Rc6 18. Bxf6 Rxf6 19. Qg4+ Kc6 20. Qxg7 Rg6 21. Qxf7 Rag8 22. g3 h5 23. Rfe1 1-0

[Event "HUN-chT2 Charousek 1213"]
[Site "Hungary"]
[Date "2013.03.24"]
[Round "9"]
[White "Biro, Andras"]
[Black "Horvath, Sandor"]
[Result "1/2-1/2"]
[WhiteElo "2276"]
[BlackElo "2286"]
[PlyCount "135"]
[EventDate "2012.09.16"]
[EventType "team-tourn"]
[EventRounds "11"]
[EventCountry "HUN"]
[SourceTitle "EXT 2014"]
[Source "ChessBase"]
[SourceDate "2013.11.20"]
[SourceVersion "1"]
[SourceVersionDate "2013.11.20"]
[SourceQuality "1"]
[WhiteTeam "MLTC II"]
[BlackTeam "Csuti"]
[WhiteTeamCountry "HUN"]
[BlackTeamCountry "HUN"]

1. e4 c5 2. Nf3 Nc6 3. Bb5 e5 4. c3 Nge7 5. 0-0 g6 6. d4 cxd4 7. cxd4 exd4 8. Nxd4 Bg7 9. Be3 0-0 10. Nc3 a6 11. Be2 b5 12. Nxc6 dxc6 13. Bc5 Qxd1 14. Rfxd1 Re8 15. a4 Be6 16. axb5 cxb5 17. Bxe7 Rxe7 18. Bxb5 Bxc3 19. bxc3 Rc8 20. Bxa6 Rxc3 21. Rdc1 Rb3 22. f3 Rb2 23. Rcb1 Rxb1+ 24. Rxb1 Ra7 25. Rb6 Rc7 26. Rb2 Kg7 27. Kf2 h5 28. Ke3 Ra7 29. Bb7 Kf6 30. f4 Ra3+ 31. Kd4 Ra4+ 32. Kc5 Ke7 33. Rc2 Ra5+ 34. Kd4 Ra4+ 35. Kc5 Ra5+ 36. Kd4 Ra4+ 37. Kd3 Ra3+ 38. Rc3 Ra2 39. e5 Ra5 40. Kd4 Ra4+ 41. Ke3 Ra5 42. g3 h4 43. gxh4 Ra2 44. h3 Bxh3 45. Rc7+ Kf8 46. Bd5 Ra3+ 47. Kf2 Be6 48. Bxe6 fxe6 49. Kg2 Rb3 50. Rc2 Kg7 51. Rf2 Kh6 52. Rf3 Rb2+ 53. Kh3 Kh5 54. Rg3 Rb1 55. Rg5+ Kh6 56. Kh2 Rb4 57. Rg4 Kh5 58. Kh3 Rb3+ 59. Rg3 Rb1 60. Rd3 Ra1 61. Rd6 Ra3+ 62. Kg2 Kg4 63. Rxe6 Ra2+ 64. Kg1 Kxf4 65. Rxg6 Kxe5 66. h5 Kf5 67. Rg8 Ra6 68. Rh8 1/2-1/2

[Event "HUN-chT2 Charousek 1213"]
[Site "Hungary"]
[Date "2013.01.27"]
[Round "6"]
[White "Horvath, Sandor"]
[Black "Gal, Hanna Krisztina"]
[Result "1-0"]
[WhiteElo "2286"]
[BlackElo "2012"]
[PlyCount "135"]
[EventDate "2012.09.16"]
[EventType "team-tourn"]
[EventRounds "11"]
[EventCountry "HUN"]
[SourceTitle "EXT 2014"]
[Source "ChessBase"]
[SourceDate "2013.11.20"]
[SourceVersion "1"]
[SourceVersionDate "2013.11.20"]
[SourceQuality "1"]
[WhiteTeam "Csuti"]
[BlackTeam "Kobanya Aquarena"]
[WhiteTeamCountry "HUN"]
[BlackTeamCountry "HUN"]

1. e4 c5 2. g3 d5 3. exd5 Qxd5 4. Nf3 Nc6 5. Bg2 Qe6+ 6. Kf1 Nf6 7. Nc3 h6 8. d3 Qd7 9. Bf4 e6 10. Ne5 Nxe5 11. Bxe5 Be7 12. a4 0-0 13. Qf3 Ne8 14. a5 Bd6 15. Qe3 Bxe5 16. Qxe5 Qd4 17. Qxd4 cxd4 18. Nb5 e5 19. a6 Rb8 20. Nxa7 Nd6 21. b3 bxa6 22. Nxc8 Rfxc8 23. Rxa6 Nb5 24. Bc6 Nc7 25. Ra4 Rb6 26. Rc4 Na6 27. Be4 Rxc4 28. dxc4 Nc5 29. f3 g6 30. Ke2 f5 31. Bd5+ Kg7 32. Rb1 Rb4 33. Kd2 e4 34. fxe4 fxe4 35. Rf1 e3+ 36. Ke2 Rb6 37. Rf7+ Kh8 38. Rf4 d3+ 39. cxd3 Rxb3 40. Be4 g5 41. Rf7 Nxe4 42. dxe4 Rc3 43. Rc7 Kg8 44. e5 Kf8 45. e6 Ke8 46. Rh7 Rxc4 47. Kxe3 Rc6 48. Rxh6 Ke7 49. Kf3 Rc4 50. Rg6 Rc2 51. h3 Rc4 52. Rxg5 Kxe6 53. h4 Kf6 54. Rd5 Ke6 55. Rd3 Kf5 56. Ra3 Rb4 57. g4+ Kg6 58. Ra6+ Kg7 59. h5 Kh7 60. Kg3 Rc4 61. Kh4 Rc1 62. Ra7+ Kg8 63. h6 Rb1 64. g5 Rh1+ 65. Kg4 Rb1 66. Kh5 Rb6 67. Ra8+ Kf7 68. h7 1-0

[Event "HUN-chT2 Szechenyi 1112"]
[Site "Hungary"]
[Date "2012.01.29"]
[Round "5.1"]
[White "Magyar, Andras"]
[Black "Horvath, Sandor"]
[Result "1/2-1/2"]
[WhiteElo "2263"]
[BlackElo "2294"]
[PlyCount "83"]
[EventDate "2011.09.25"]
[EventType "team-tourn"]
[EventRounds "11"]
[EventCountry "HUN"]
[SourceTitle "EXT 2013"]
[Source "ChessBase"]
[SourceDate "2012.11.22"]
[SourceVersion "1"]
[SourceVersionDate "2012.11.22"]
[SourceQuality "1"]
[WhiteTeam "Haladas"]
[BlackTeam "Zalaegerszeg"]
[WhiteTeamCountry "HUN"]
[BlackTeamCountry "HUN"]

1. e4 c5 2. Nf3 Nc6 3. Bb5 e5 4. 0-0 Nge7 5. c3 g6 6. d4 cxd4 7. cxd4 exd4 8. Nxd4 Bg7 9. Nxc6 bxc6 10. Ba4 0-0 11. Nc3 d5 12. exd5 cxd5 13. Bg5 h6 14. Bxe7 Qxe7 15. Qxd5 Bb7 16. Qa5 Bxc3 17. bxc3 Qe4 18. f3 Qe3+ 19. Kh1 Rfc8 20. Rac1 Rc5 21. Qb4 Rc7 22. Qd4 Qg5 23. Rfd1 Rac8 24. c4 Bc6 25. Bxc6 Rxc6 26. Rc2 Qa5 27. Kg1 Rc5 28. Qf4 Qb6 29. Kh1 h5 30. h4 Qe6 31. Rd4 Kg7 32. Qe4 Re5 33. Qf4 Rf5 34. Qd2 Re5 35. Kh2 Rec5 36. Re4 Qc6 37. Qd4+ Kg8 38. g3 Qc7 39. Kg2 a5 40. Qf6 Rf5 41. Qd4 Rc5 42. Qf6 1/2-1/2

[Event "HUN-chT2 Breyer 1112"]
[Site "Hungary"]
[Date "2011.09.26"]
[Round "1.10"]
[White "Guber, Peter"]
[Black "Horvath, Sandor"]
[Result "1/2-1/2"]
[WhiteElo "1800"]
[BlackElo "1944"]
[PlyCount "59"]
[EventDate "2011.09.25"]
[EventType "team-tourn"]
[EventRounds "11"]
[EventCountry "HUN"]
[SourceTitle "EXT 2013"]
[Source "ChessBase"]
[SourceDate "2012.11.22"]
[SourceVersion "1"]
[SourceVersionDate "2012.11.22"]
[SourceQuality "1"]
[WhiteTeam "MAV Elore"]
[BlackTeam "Szazhalombatta"]
[WhiteTeamCountry "HUN"]
[BlackTeamCountry "HUN"]

1. e4 c5 2. Nf3 d6 3. d4 cxd4 4. Nxd4 Nf6 5. Bd3 g6 6. b3 Bg7 7. Bb2 0-0 8. c4 Nbd7 9. Nd2 Qb6 10. N4f3 Nxe4 11. Nxe4 Bxb2 12. Rb1 Bg7 13. 0-0 Nc5 14. Nxc5 dxc5 15. Re1 Rd8 16. Qe2 Rxd3 17. Qxd3 Bf5 18. Qe2 Bxb1 19. Rxb1 Bf6 20. Rd1 Rd8 21. Rd3 Rd6 22. g4 Qd8 23. Rxd6 Qxd6 24. Qe4 Qd7 25. h3 e6 26. a4 Kg7 27. Qe2 b6 28. Kf1 Qd6 29. Kg2 Qf4 30. Qd3 1/2-1/2

[Event "HUN-chT2 Charousek 1011"]
[Site "Hungary"]
[Date "2011.05.15"]
[Round "11"]
[White "Horvath, Sandor"]
[Black "Borosova, Zuzana"]
[Result "1/2-1/2"]
[WhiteElo "2277"]
[BlackElo "2277"]
[PlyCount "68"]
[EventDate "2010.09.12"]
[EventType "team-tourn"]
[EventRounds "11"]
[EventCountry "HUN"]
[SourceTitle "EXT 2012"]
[Source "ChessBase"]
[SourceDate "2011.11.24"]
[SourceVersion "1"]
[SourceVersionDate "2011.11.24"]
[SourceQuality "1"]
[WhiteTeam "Csuti II"]
[BlackTeam "Kisber Aszar"]
[WhiteTeamCountry "HUN"]
[BlackTeamCountry "HUN"]

1. e4 e5 2. Nf3 Nc6 3. Nc3 Nf6 4. d4 exd4 5. Nxd4 Bb4 6. Nxc6 bxc6 7. Bd3 d5 8. exd5 cxd5 9. 0-0 0-0 10. Bg5 c6 11. Qf3 Bd6 12. Bxf6 Qxf6 13. Qxf6 gxf6 14. Ne2 Rb8 15. b3 c5 16. Rad1 Bg4 17. c4 Bxe2 18. Bxe2 d4 19. Bd3 Rfe8 20. Rfe1 Bc7 21. g3 Ba5 22. Rxe8+ Rxe8 23. Kg2 Bc3 24. Kf3 Re6 25. Bf5 Ra6 26. a4 Rb6 27. Rb1 Rb7 28. Ke4 Re7+ 29. Kd3 h6 30. Be4 Kf8 31. Rg1 Re8 32. g4 Rb8 33. Kc2 Re8 34. Kd3 Rb8 1/2-1/2

[Event "HUN-chT2 Charousek 1011"]
[Site "Hungary"]
[Date "2011.04.17"]
[Round "9"]
[White "Horvath, Sandor"]
[Black "Petenyi, Tamas"]
[Result "1-0"]
[WhiteElo "2277"]
[BlackElo "2378"]
[PlyCount "119"]
[EventDate "2010.09.12"]
[EventType "team-tourn"]
[EventRounds "11"]
[EventCountry "HUN"]
[SourceTitle "EXT 2012"]
[Source "ChessBase"]
[SourceDate "2011.11.24"]
[SourceVersion "1"]
[SourceVersionDate "2011.11.24"]
[SourceQuality "1"]
[WhiteTeam "Csuti II"]
[BlackTeam "Haladas II"]
[WhiteTeamCountry "HUN"]
[BlackTeamCountry "HUN"]

1. e4 c5 2. g3 Nc6 3. Bg2 g6 4. Ne2 Bg7 5. 0-0 Rb8 6. c3 c4 7. d4 cxd3 8. Qxd3 Nf6 9. Bf4 d6 10. Nd2 0-0 11. Nf3 Nd7 12. Rad1 Qa5 13. a3 Nde5 14. Nxe5 Nxe5 15. Bxe5 Bxe5 16. Nd4 Bd7 17. Rfe1 Ba4 18. Rd2 Bg7 19. b4 Qc7 20. c4 Bd7 21. Rc2 Rbc8 22. Nb3 Rfd8 23. Qe3 b6 24. Bf1 Qb8 25. Rec1 Rc7 26. Bd3 Ba4 27. Be2 Rdc8 28. Rd2 Bd7 29. Nd4 b5 30. Rdc2 Qb6 31. c5 dxc5 32. bxc5 Rxc5 33. Rxc5 Rxc5 34. Rxc5 Qxc5 35. Nxb5 Qxe3 36. fxe3 a5 37. Nd4 e6 38. Bb5 Bxb5 39. Nxb5 Kf8 40. Nd4 Ke8 41. a4 Bxd4 42. exd4 e5 43. Kf2 Ke7 44. Ke3 Kd6 45. Kd3 f6 46. Kc4 exd4 47. Kxd4 h6 48. Kc4 Kc6 49. g4 h5 50. gxh5 gxh5 51. h4 Kd6 52. Kb5 Ke5 53. Kxa5 Kxe4 54. Kb6 f5 55. a5 f4 56. a6 f3 57. a7 f2 58. a8Q+ Ke3 59. Qa6 Kf3 60. Qf1 1-0